[Event "Eupen op rapid"]
[Site "Eupen"]
[Date "2000.04.16"]
[Round "5"]
[White "Arnold, Ferenc"]
[Black "Krivoshey, Sergei"]
[Result "1-0"]
[WhiteElo "2583"]
[BlackElo "2434"]
[PlyCount "62"]
[EventDate "2000.04.??"]
[EventType "swiss (rapid)"]
[EventRounds "7"]
[EventCountry "BEL"]
[SourceTitle "EXT 2006"]
[Source "ChessBase"]
[SourceDate "2005.11.24"]
[SourceVersion "1"]
[SourceVersionDate "2005.11.24"]
[SourceQuality "1"]

1. d4 Nf6 2. c4 c5 3. Nf3 cxd4 4. Nxd4 g6 5. g3 Bg7 6. Bg2 Nc6 7. Nc2 d6 8. Nc3 0-0 9. 0-0 Qa5 10. h3 Qh5 11. e4 Qxd1 12. Rxd1 Be6 13. b3 Rfc8 14. Rb1 Nd7 15. Ne2 Nc5 16. Bb2 Bxb2 17. Rxb2 a5 18. a4 Kg7 19. Ne3 Nb4 20. Nc3 Rf8 21. f4 f5 22. Kh2 fxe4 23. Nxe4 Nbd3 24. Re2 Nxe4 25. Bxe4 Nc5 26. Bc2 Rf7 27. Rd4 Rff8 28. g4 Bd7 29. f5 gxf5 30. gxf5 Bc6 31. Re1 Rg8 1-0

[Event "Eupen op rapid"]
[Site "Eupen"]
[Date "2000.04.15"]
[Round "1"]
[White "Arnold, Ferenc"]
[Black "Lommen, Frank"]
[Result "1-0"]
[WhiteElo "2583"]
[BlackElo "1898"]
[PlyCount "51"]
[EventDate "2000.04.??"]
[EventType "swiss (rapid)"]
[EventRounds "7"]
[EventCountry "BEL"]
[SourceTitle "EXT 2006"]
[Source "ChessBase"]
[SourceDate "2005.11.24"]
[SourceVersion "1"]
[SourceVersionDate "2005.11.24"]
[SourceQuality "1"]

1. c4 e5 2. Nc3 d6 3. Nf3 g6 4. d4 Nd7 5. e4 Bg7 6. Be2 Ne7 7. 0-0 0-0 8. Re1 h6 9. dxe5 dxe5 10. b4 Nc6 11. Rb1 Nd4 12. Nxd4 exd4 13. Nb5 Ne5 14. Nxd4 Nxc4 15. Nb5 Nd6 16. Nxd6 cxd6 17. Bc4 Qe7 18. Bf4 Be5 19. Qd2 Kh7 20. Bxh6 Qh4 21. Bxf8 Qxh2+ 22. Kf1 Bf4 23. Qc3 Qh1+ 24. Ke2 Qh5+ 25. Kd3 Be5 26. Rh1 1-0

[Event "Euskadi-ch 13th"]
[Site "Euskadi"]
[Date "1999.??.??"]
[Round "2"]
[White "Arnold, Ferenc"]
[Black "Iruzubieta Villaluenga, Jesus Maria"]
[Result "1/2-1/2"]
[WhiteElo "2250"]
[BlackElo "2455"]
[PlyCount "51"]
[EventDate "1999.??.??"]
[EventType "swiss"]
[EventRounds "7"]
[EventCountry "ESP"]
[SourceTitle "EXT 2000"]
[Source "ChessBase"]
[SourceDate "1999.11.16"]
[SourceVersion "1"]
[SourceVersionDate "1999.11.16"]
[SourceQuality "1"]

1. e4 Nf6 2. e5 Nd5 3. d4 d6 4. Bc4 c6 5. Qe2 dxe5 6. dxe5 Bf5 7. h3 e6 8. Nf3 Nd7 9. 0-0 Qc7 10. a4 Be7 11. Na3 0-0 12. Bd2 a5 13. Rfe1 N5b6 14. b3 Nxc4 15. Nxc4 Bg6 16. Bc3 Nc5 17. Red1 Ne4 18. Be1 Rfd8 19. Rxd8+ Qxd8 20. Rd1 Qc7 21. Rd4 b5 22. axb5 cxb5 23. Rxe4 a4 24. Rd4 Bc5 25. Rf4 bxc4 26. Rxc4 1/2-1/2

[Event "Budapest FS10 IM-A"]
[Site "Budapest"]
[Date "1998.10.13"]
[Round "11"]
[White "Arnold, Ferenc"]
[Black "Pham, Minh Hoang"]
[Result "1-0"]
[WhiteElo "2375"]
[BlackElo "2245"]
[PlyCount "53"]
[EventDate "1998.10.03"]
[EventType "tourn"]
[EventRounds "11"]
[EventCountry "HUN"]
[EventCategory "3"]
[SourceTitle "EXT 1999"]
[Source "ChessBase"]
[SourceDate "1998.11.16"]
[SourceVersion "1"]
[SourceVersionDate "1998.11.16"]
[SourceQuality "1"]

1. d4 Nf6 2. Nf3 c5 3. c4 g6 4. Nc3 cxd4 5. Nxd4 Bg7 6. g3 Nc6 7. Bg2 Nxd4 8. Qxd4 0-0 9. 0-0 d6 10. Qd2 Rb8 11. b3 Be6 12. Bb2 Qa5 13. Rad1 Rfc8 14. Nb5 Qxd2 15. Rxd2 a6 16. Nd4 Bd7 17. h3 h5 18. e4 Nh7 19. f4 Nf8 20. Kh2 Rc7 21. Rfd1 b5 22. Bf1 Ne6 23. e5 Nxd4 24. Rxd4 Bc6 25. cxb5 axb5 26. R4d2 dxe5 27. fxe5 1-0

[Event "Budapest FS10 IM-A"]
[Site "Budapest"]
[Date "1998.10.08"]
[Round "6"]
[White "Dembo, Yelena"]
[Black "Arnold, Ferenc"]
[Result "1/2-1/2"]
[WhiteElo "2165"]
[BlackElo "2375"]
[PlyCount "55"]
[EventDate "1998.10.03"]
[EventType "tourn"]
[EventRounds "11"]
[EventCountry "HUN"]
[EventCategory "3"]
[SourceTitle "EXT 1999"]
[Source "ChessBase"]
[SourceDate "1998.11.16"]
[SourceVersion "1"]
[SourceVersionDate "1998.11.16"]
[SourceQuality "1"]

1. e4 d6 2. d4 Nf6 3. Nc3 g6 4. f4 Bg7 5. Nf3 0-0 6. Bd3 Na6 7. 0-0 c6 8. d5 Rb8 9. a4 Nc7 10. Qe1 a6 11. a5 Bg4 12. Qh4 Bxf3 13. Rxf3 e6 14. Rh3 exd5 15. exd5 Nh5 16. Qxd8 Rbxd8 17. Bc4 Rfe8 18. Kf1 f5 19. Ne2 Re7 20. Raa3 Rde8 21. Rab3 Nb5 22. Rhe3 Rxe3 23. Bxe3 Re4 24. Bxb5 axb5 25. Bd2 b4 26. c3 Nf6 27. Ng3 Rc4 28. cxb4 1/2-1/2

[Event "HUN-ch sf"]
[Site "Budapest"]
[Date "1998.??.??"]
[Round "2.1"]
[White "Arnold, Ferenc"]
[Black "Szieberth, Adam"]
[Result "1/2-1/2"]
[WhiteElo "2315"]
[BlackElo "2390"]
[PlyCount "94"]
[EventDate "1998.??.??"]
[EventType "k.o."]
[EventRounds "4"]
[EventCountry "HUN"]
[SourceTitle "EXT 2006"]
[Source "ChessBase"]
[SourceDate "2005.11.24"]
[SourceVersion "1"]
[SourceVersionDate "2005.11.24"]
[SourceQuality "1"]

1. d4 c5 2. e3 e6 3. Nf3 Nf6 4. c4 cxd4 5. exd4 d5 6. Nc3 Be7 7. Bd3 dxc4 8. Bxc4 Nc6 9. a3 0-0 10. 0-0 b6 11. Be3 Bb7 12. Ba2 Rc8 13. Rc1 Na5 14. Ne5 Nd5 15. Nxd5 Bxd5 16. Rxc8 Qxc8 17. Bxd5 exd5 18. Qf3 Qe6 19. Rc1 Bd6 20. b4 Nb3 21. Rc6 f6 22. Qg4 Qxg4 23. Nxg4 Rd8 24. Rc3 f5 25. Nh6+ gxh6 26. Rxb3 f4 27. Bd2 Rc8 28. Rc3 Rc4 29. Rd3 Kf7 30. g3 Kg6 31. Kg2 Kf5 32. Kf3 fxg3 33. fxg3 h5 34. h3 Bf8 35. g4+ hxg4+ 36. hxg4+ Kg6 37. Bf4 a5 38. b5 Ra4 39. Bc7 Rxa3 40. Rxa3 Bxa3 41. Bxb6 a4 42. Bc5 Bxc5 43. dxc5 a3 44. c6 a2 45. c7 a1Q 46. c8Q Qf1+ 47. Ke3 Qxb5 1/2-1/2

[Event "Budapest Spring op 14th"]
[Site "Budapest"]
[Date "1998.??.??"]
[Round "?"]
[White "Foldi, Istvan"]
[Black "Arnold, Ferenc"]
[Result "0-1"]
[WhiteElo "2410"]
[BlackElo "2315"]
[PlyCount "120"]
[EventDate "1998.03.??"]
[EventType "swiss"]
[EventRounds "9"]
[EventCountry "HUN"]
[SourceTitle "EXT 2002"]
[Source "ChessBase"]
[SourceDate "2001.11.25"]
[SourceVersion "1"]
[SourceVersionDate "2001.11.25"]
[SourceQuality "1"]

1. Nf3 Nf6 2. c4 e6 3. g3 b6 4. Bg2 Bb7 5. 0-0 Be7 6. Nc3 0-0 7. Re1 d5 8. Ne5 c5 9. cxd5 Nxd5 10. Qb3 Nd7 11. Nxd5 exd5 12. Bxd5 Bxd5 13. Qxd5 Nxe5 14. Qxe5 c4 15. Rb1 Re8 16. Qf5 Bb4 17. Qc2 Rc8 18. a3 Ba5 19. e3 Qf6 20. b4 cxb3 21. Qxb3 h5 22. Bb2 Qf5 23. Bc3 Bxc3 24. dxc3 h4 25. Qa4 h3 26. Qb5 Re5 27. Qe2 Rxc3 28. e4 Qf3 29. Qf1 Rc2 30. Re3 Qg4 31. Rbe1 Rec5 32. Qd3 Rc1 33. e5 Qc8 34. e6 Rxe1+ 35. Rxe1 fxe6 36. Qg6 Qc6 37. f3 Rc1 38. Rxc1 Qxc1+ 39. Kf2 Qd2+ 40. Kf1 Qd1+ 41. Kf2 Qd2+ 42. Kf1 Qg2+ 43. Ke1 Qg1+ 44. Ke2 Qxh2+ 45. Kd3 Kf8 46. Qg5 Qb2 47. Qd8+ Kf7 48. Qd7+ Kf6 49. Qd8+ Kf5 50. Qf8+ Qf6 51. Qe8 Kg5 52. Ke3 h2 53. f4+ Kg4 54. Qc6 h1Q 55. Qxh1 Qc3+ 56. Ke2 Qxg3 57. Qe4 Qh2+ 58. Ke1 Qg3+ 59. Ke2 Qxf4 60. Qxe6+ Qf5 0-1

[Event "Academia Cup op"]
[Site "Italy"]
[Date "1998.??.??"]
[Round "7"]
[White "Monteleone, Antonio"]
[Black "Arnold, Ferenc"]
[Result "1-0"]
[WhiteElo "2165"]
[BlackElo "2315"]
[PlyCount "113"]
[EventDate "1998.??.??"]
[EventType "swiss"]
[EventRounds "8"]
[EventCountry "ITA"]
[SourceTitle "EXT 2002"]
[Source "ChessBase"]
[SourceDate "2001.11.25"]
[SourceVersion "1"]
[SourceVersionDate "2001.11.25"]
[SourceQuality "1"]

1. d4 d5 2. Nf3 Nf6 3. c4 e6 4. Nc3 Be7 5. Bg5 Nbd7 6. e3 0-0 7. Rc1 c6 8. Qc2 Re8 9. a3 dxc4 10. Bxc4 Nd5 11. Bxe7 Qxe7 12. 0-0 Nxc3 13. Qxc3 e5 14. dxe5 Nxe5 15. Nxe5 Qxe5 16. Qb3 Re7 17. Rfd1 Be6 18. Bxe6 Qxe6 19. Qxe6 fxe6 20. Rd6 Rae8 21. Rc4 e5 22. Re4 a6 23. f3 Re6 24. Rd2 Kf7 25. Kf2 R8e7 26. Rh4 h6 27. Rg4 c5 28. Ke2 Rc6 29. a4 c4 30. Rd5 Rec7 31. Kd2 Ke6 32. Rd8 Rd6+ 33. Rxd6+ Kxd6 34. Kc3 b5 35. axb5 axb5 36. Kb4 Rb7 37. e4 Ke6 38. Rg6+ Kf7 39. Rd6 Ra7 40. Rd2 Ra2 41. Kc3 Ra1 42. Rd5 Rc1+ 43. Kd2 Rg1 44. Rxb5 Rxg2+ 45. Kc3 Rxh2 46. Kxc4 Rf2 47. b4 Kf6 48. Rb8 h5 49. b5 h4 50. b6 h3 51. b7 h2 52. Rf8+ Ke6 53. b8Q h1Q 54. Qe8+ Kd6 55. Qd8+ Ke6 56. Qd5+ Ke7 57. Rf7+ 1-0

[Event "Budapest Spring op 14th"]
[Site "Budapest"]
[Date "1998.??.??"]
[Round "?"]
[White "Turzo, Attila"]
[Black "Arnold, Ferenc"]
[Result "0-1"]
[WhiteElo "2415"]
[BlackElo "2315"]
[PlyCount "78"]
[EventDate "1998.03.??"]
[EventType "swiss"]
[EventRounds "9"]
[EventCountry "HUN"]
[SourceTitle "EXT 2002"]
[Source "ChessBase"]
[SourceDate "2001.11.25"]
[SourceVersion "1"]
[SourceVersionDate "2001.11.25"]
[SourceQuality "1"]

1. e4 d6 2. d4 Nf6 3. Nc3 g6 4. Be3 Bg7 5. f3 c6 6. Qd2 b5 7. g4 h6 8. Bg2 Nbd7 9. Nge2 Bb7 10. h4 a6 11. g5 hxg5 12. hxg5 Rxh1+ 13. Bxh1 Nh5 14. f4 Nb6 15. b3 Qc7 16. Bf3 0-0-0 17. 0-0-0 Rh8 18. Qe1 Nd7 19. Qf2 Qa5 20. Kb1 e6 21. d5 exd5 22. exd5 c5 23. Ne4 Kc7 24. Bc1 Re8 25. Bb2 Bxb2 26. Kxb2 Nb6 27. Nxc5 dxc5 28. Qxc5+ Kb8 29. Nd4 Nd7 30. Nc6+ Bxc6 31. Qxc6 Rc8 32. Qxd7 Qc3+ 33. Ka3 Qc5+ 34. Kb2 Qxc2+ 35. Ka3 Qc5+ 36. Kb2 Qc3+ 37. Ka3 Qxf3 38. Qd6+ Kb7 39. Re1 Qc3 0-1

[Event "Budapest Spring op 14th"]
[Site "Budapest"]
[Date "1998.??.??"]
[Round "?"]
[White "Varga, Zoltan"]
[Black "Arnold, Ferenc"]
[Result "1-0"]
[WhiteElo "2520"]
[BlackElo "2315"]
[PlyCount "47"]
[EventDate "1998.03.??"]
[EventType "swiss"]
[EventRounds "9"]
[EventCountry "HUN"]
[SourceTitle "EXT 2002"]
[Source "ChessBase"]
[SourceDate "2001.11.25"]
[SourceVersion "1"]
[SourceVersionDate "2001.11.25"]
[SourceQuality "1"]

1. e4 d6 2. d4 Nf6 3. f3 g6 4. c4 c5 5. d5 Bg7 6. Nc3 0-0 7. Be3 a6 8. a4 e5 9. Bd3 Nh5 10. Nge2 f5 11. exf5 gxf5 12. Qc2 e4 13. fxe4 f4 14. Bf2 f3 15. gxf3 Nd7 16. f4 Nxf4 17. Nxf4 Rxf4 18. Bg3 Rf3 19. Be2 Rxg3 20. hxg3 Qg5 21. e5 Qxg3+ 22. Kd1 Nxe5 23. Qxh7+ Kf8 24. Kc2 1-0

[Event "Academia Cup op"]
[Site "Italy"]
[Date "1997.??.??"]
[Round "?"]
[White "Arnold, Ferenc"]
[Black "Sabatini, Mario"]
[Result "1/2-1/2"]
[WhiteElo "2330"]
[BlackElo "2075"]
[PlyCount "144"]
[EventDate "1997.??.??"]
[EventType "swiss"]
[EventRounds "8"]
[EventCountry "ITA"]
[SourceTitle "EXT 2000"]
[Source "ChessBase"]
[SourceDate "1999.11.16"]
[SourceVersion "1"]
[SourceVersionDate "1999.11.16"]
[SourceQuality "1"]

1. e4 c6 2. d4 d5 3. exd5 cxd5 4. c4 Nf6 5. Nc3 g6 6. cxd5 Bg7 7. Qb3 0-0 8. Be2 Nbd7 9. Bf3 Nb6 10. Nge2 Bg4 11. Bxg4 Nxg4 12. a4 Qd7 13. a5 Nc8 14. 0-0 Nd6 15. f3 Nh6 16. Be3 Rac8 17. Bf2 Nc4 18. Rfd1 Nf5 19. Rd3 Bf6 20. f4 Nfd6 21. Rh3 Bg7 22. a6 b6 23. Qc2 Rc7 24. Nc1 Rfc8 25. Qe2 Nb5 26. Nxb5 Qxb5 27. b3 Nd6 28. Qxb5 Nxb5 29. Ne2 Nc3 30. Nxc3 Rxc3 31. Rxc3 Rxc3 32. Rb1 Kf8 33. Kf1 Rc2 34. g3 Ke8 35. b4 Kd7 36. b5 Kd6 37. h4 h5 38. Be3 Kxd5 39. f5 gxf5 40. Bf4 Rc8 41. Re1 e6 42. Be5 f6 43. Bf4 e5 44. dxe5 fxe5 45. Rd1+ Ke6 46. Be3 Bf8 47. Ke2 Bd6 48. Rd2 Bb4 49. Rd1 Rc2+ 50. Kf1 Bc5 51. Bxc5 Rxc5 52. Rd8 Rxb5 53. Ra8 Ra5 54. Rxa7 f4 55. Ra8 Kf5 56. a7 Ke4 57. gxf4 Kf3 58. Ke1 exf4 59. Rh8 Rxa7 60. Rxh5 Ra1+ 61. Kd2 Rb1 62. Rh8 Kf2 63. h5 f3 64. h6 Rh1 65. h7 b5 66. Kc3 Kf1 67. Kd2 Rh2+ 68. Kd1 f2 69. Kd2 b4 70. Kc2 Rh3 71. Kb2 b3 72. Ka3 Kg1 1/2-1/2

[Event "HUN-chT 9697"]
[Site "Hungary"]
[Date "1996.??.??"]
[Round "4"]
[White "Turzo, Attila"]
[Black "Arnold, Ferenc"]
[Result "1/2-1/2"]
[WhiteElo "2360"]
[BlackElo "2320"]
[PlyCount "80"]
[EventDate "1996.??.??"]
[EventType "team"]
[EventRounds "12"]
[EventCountry "HUN"]
[SourceTitle "EXT 2006"]
[Source "ChessBase"]
[SourceDate "2005.11.24"]
[SourceVersion "1"]
[SourceVersionDate "2005.11.24"]
[SourceQuality "1"]
[WhiteTeam "Miskolc"]
[BlackTeam "Elektromos"]
[WhiteTeamCountry "HUN"]
[BlackTeamCountry "HUN"]

1. e4 d6 2. d4 Nf6 3. Nc3 g6 4. Be3 Bg7 5. f3 c6 6. Qd2 b5 7. Bh6 Bxh6 8. Qxh6 Qa5 9. Qd2 Nbd7 10. g4 a6 11. g5 Nh5 12. Nge2 f6 13. gxf6 Ndxf6 14. Bg2 Be6 15. 0-0 Bc4 16. Qg5 0-0 17. b3 Bxe2 18. Nxe2 Ng7 19. c3 Ne6 20. Qd2 d5 21. Qe3 Ng7 22. Ng3 Qb6 23. Rae1 Rae8 24. f4 dxe4 25. Bxe4 e6 26. b4 Nd5 27. Qd2 Qd8 28. Bxd5 exd5 29. Re5 Re7 30. Qd3 Ref7 31. f5 gxf5 32. Nxf5 Kh8 33. Ng3 Rxf1+ 34. Nxf1 Qf6 35. Qe2 Qh6 36. Ng3 Qc1+ 37. Qe1 Qc2 38. Re2 Qd3 39. Re3 Qg6 40. Re5 Qc2 1/2-1/2